| 000 | 00368nam a2200145Ia 4500 | ||
|---|---|---|---|
| 008 | 151213s9999 xx 000 0 und d | ||
| 100 | _aSundarlal T. Desae | ||
| 245 |
_aPrinciples of Hindu Law _cSundarlal T. Desae |
||
| 260 |
_aBombay _bTripathi Private _c2000 |
||
| 300 | _a2104 p. | ||
| 650 | _aLaw | ||
| 650 | _aLaw | ||
| 700 | _aSundarlal T. Desae | ||
| 999 |
_c1551 _d1551 |
||